[Event "DSJ Weihnachtsturnier U16: Steinitz 2020"]
[Site ""]
[Date "2020.12.28"]
[Round "6"]
[White "Afonso, Phil"]
[Black "Nönnig, Jakob"]
[Result "1-0"]
[Termination "normal"]
[Board "1.4"]
[WhiteElo "1542"]
[BlackElo "1442"]
[WhiteTeam "SF 59 Kornwestheim"]
[BlackTeam "Schachzwerge Magdeburg"]
[PlyCount "127"]
[WhiteFideId "16207475"]
[BlackFideId "16289447"]
[EventRounds "7"]
[EventType "team-swiss"]
[EventDate "2020.12.28"]

1. e4 {[%emt 0:00:07]} e5 {[%emt 0:00:02]} 2. Nf3 {[%emt 0:00:01]} Nc6 { [%emt
0:00:02]} 3. Bc4 {[%emt 0:00:01]} Bc5 {[%emt 0:00:02]} 4. c3 {[%emt 0:00:01]}
Nf6 {[%emt 0:00:02]} 5. d3 {[%emt 0:00:01]} h6 {[%emt 0:00:02]} 6. O-O { [%emt
0:00:02]} d6 {[%emt 0:00:05]} 7. Nbd2 {[%emt 0:00:02]} O-O {[%emt 0:00:09]} 8.
h3 {[%emt 0:00:07]} Be6 {[%emt 0:00:03]} 9. Bb3 {[%emt 0:00:03]} Qe7 { [%emt
0:00:23]} 10. Re1 {[%emt 0:00:05]} Rfe8 {[%emt 0:00:10]} 11. Nf1 { [%emt
0:00:05]} Bb6 {[%emt 0:00:12]} 12. Ng3 {[%emt 0:00:09]} Na5 {[%emt 0:00:28]}
13. Be3 {[%emt 0:00:11]} Nxb3 {[%emt 0:00:09]} 14. axb3 {[%emt 0:00:00]} a6
{[%emt 0:00:05]} 15. Bxb6 {[%emt 0:00:05]} cxb6 {[%emt 0:00:00]} 16. Qe2 {
[%emt 0:00:08]} Bxb3 {[%emt 0:00:03]} 17. Qe3 {[%emt 0:00:02]} b5 {[%emt
0:00:06]} 18. Nf5 {[%emt 0:00:38]} Qd7 {[%emt 0:00:20]} 19. Nxh6+ {[%emt
0:00:18]} gxh6 {[%emt 0:00:00]} 20. Qxh6 {[%emt 0:00:02]} Nh7 {[%emt 0:00:09]}
21. Ng5 { [%emt 0:00:06]} Nxg5 {[%emt 0:00:03]} 22. Qxg5+ {[%emt 0:00:02]} Kf8
{[%emt 0:00:08]} 23. Qh6+ {[%emt 0:00:21]} Ke7 {[%emt 0:00:05]} 24. Qg5+ {[%emt
0:00:10] } f6 {[%emt 0:00:02]} 25. Qg7+ {[%emt 0:00:02]} Bf7 {[%emt 0:00:03]}
26. Re3 { [%emt 0:00:08]} Rg8 {[%emt 0:00:03]} 27. Qh6 {[%emt 0:00:15]} Rg6
{[%emt 0:00:04]} 28. Qh4 {[%emt 0:00:06]} Rag8 {[%emt 0:00:11]} 29. Rg3 {[%emt
0:00:12]} Rxg3 {[%emt 0:00:03]} 30. fxg3 {[%emt 0:00:00]} Rg6 {[%emt 0:00:11]}
31. Rf1 { [%emt 0:00:11]} Qe6 {[%emt 0:00:17]} 32. g4 {[%emt 0:01:06]} Kd7
{[%emt 0:00:19]} 33. Qf2 {[%emt 0:00:11]} d5 {[%emt 0:00:27]} 34. exd5 {[%emt
0:00:18]} Qxd5 {[%emt 0:00:00]} 35. Qf5+ {[%emt 0:00:03]} Qe6 {[%emt 0:00:11]}
36. Qe4 { [%emt 0:00:04]} Qd5 {[%emt 0:00:21]} 37. Qf5+ {[%emt 0:00:12]} Kc7
{[%emt 0:00:11]} 38. h4 {[%emt 0:00:21]} Qd7 {[%emt 0:00:16]} 39. Qxd7+ {[%emt
0:00:26]} Kxd7 {[%emt 0:00:01]} 40. g5 {[%emt 0:00:01]} Ke6 {[%emt 0:00:05]}
41. gxf6 { [%emt 0:00:19]} Rxf6 {[%emt 0:00:00]} 42. g4 {[%emt 0:00:06]} Rxf1+
{[%emt 0:00:13]} 43. Kxf1 {[%emt 0:00:00]} Bg6 {[%emt 0:00:02]} 44. Ke2 {[%emt
0:00:04]} e4 {[%emt 0:00:05]} 45. dxe4 {[%emt 0:00:03]} Bxe4 {[%emt 0:00:00]}
46. Ke3 { [%emt 0:00:03]} a5 {[%emt 0:00:28]} 47. Kxe4 {[%emt 0:00:05]} b4
{[%emt 0:00:15]} 48. cxb4 {[%emt 0:00:05]} axb4 {[%emt 0:00:00]} 49. g5 {[%emt
0:00:04]} Kf7 {[%emt 0:00:07]} 50. h5 {[%emt 0:00:06]} Kg7 {[%emt 0:00:04]} 51.
Kf5 { [%emt 0:00:04]} b6 {[%emt 0:00:21]} 52. g6 {[%emt 0:00:08]} b5 {[%emt
0:00:09]} 53. b3 {[%emt 0:00:16]} Kg8 {[%emt 0:00:08]} 54. h6 {[%emt 0:00:04]}
Kf8 { [%emt 0:00:26]} 55. Kf6 {[%emt 0:00:08]} Kg8 {[%emt 0:00:06]} 56. h7+
{[%emt 0:00:13]} Kh8 {[%emt 0:00:08]} 57. g7+ {[%emt 0:00:01]} Kxh7 {[%emt
0:00:02]} 58. Kf7 {[%emt 0:00:01]} Kh6 {[%emt 0:00:03]} 59. g8=Q {[%emt
0:00:00]} Kh5 { [%emt 0:00:02]} 60. Kf6 {[%emt 0:00:02]} Kh4 {[%emt 0:00:01]}
61. Kf5 {[%emt 0:00:01]} Kh3 {[%emt 0:00:01]} 62. Kf4 {[%emt 0:00:01]} Kh2
{[%emt 0:00:01]} 63. Kf3 {[%emt 0:00:01]} Kh1 {[%emt 0:00:01]} 64. Qg2# {[%emt
0:00:03]} 1-0

[Event "DSJ Weihnachtsturnier U16: Steinitz 2020"]
[Site ""]
[Date "2020.12.28"]
[Round "6"]
[White "Farokhi, Keyvan"]
[Black "Ciolacu, Alessia-Mihaela"]
[Result "1/2-1/2"]
[Termination "normal"]
[Board "2.1"]
[BlackTitle "WFM"]
[WhiteElo "2059"]
[BlackElo "2052"]
[WhiteTeam "SK Doppelbauer Kiel"]
[BlackTeam "Schachverein Hemer 1932"]
[PlyCount "61"]
[WhiteFideId "12998630"]
[BlackFideId "1252640"]
[EventRounds "7"]
[EventType "team-swiss"]
[EventDate "2020.12.28"]

1. e4 {[%emt 0:00:04]} e6 {[%emt 0:00:05]} 2. d4 {[%emt 0:00:02]} d5 {[%emt
0:00:04]} 3. Nc3 {[%emt 0:00:03]} Bb4 {[%emt 0:00:03]} 4. exd5 {[%emt 0:00:05]}
exd5 {[%emt 0:00:05]} 5. Bd3 {[%emt 0:00:06]} Ne7 {[%emt 0:00:09]} 6. Nge2 {
[%emt 0:00:03]} Nbc6 {[%emt 0:00:02]} 7. O-O {[%emt 0:00:02]} Bg4 {[%emt
0:00:02]} 8. f3 {[%emt 0:00:06]} Bh5 {[%emt 0:00:01]} 9. Nf4 {[%emt 0:00:45]}
Bg6 { [%emt 0:00:07]} 10. Nxg6 {[%emt 0:00:01]} hxg6 {[%emt 0:00:04]} 11. Ne2 {
[%emt 0:00:03]} Bd6 {[%emt 0:00:02]} 12. g3 {[%emt 0:01:04]} Qd7 {[%emt
0:00:21]} 13. c3 {[%emt 0:00:08]} Qh3 {[%emt 0:00:14]} 14. Rf2 {[%emt 0:00:05]}
O-O-O {[%emt 0:00:13]} 15. Bf4 {[%emt 0:00:12]} Nf5 {[%emt 0:00:14]} 16. Bxd6 {
[%emt 0:00:11]} Rxd6 {[%emt 0:00:09]} 17. Nf4 {[%emt 0:00:14]} Qh6 {[%emt
0:00:14]} 18. Bxf5+ {[%emt 0:00:18]} gxf5 {[%emt 0:00:00]} 19. Qd2 {[%emt
0:00:05]} g5 {[%emt 0:00:30]} 20. Nd3 {[%emt 0:00:05]} Re6 {[%emt 0:00:35]} 21.
Re1 { [%emt 0:00:14]} f4 {[%emt 0:02:32]} 22. Rxe6 {[%emt 0:00:27]} fxe6 {[%emt
0:00:03]} 23. gxf4 {[%emt 0:00:07]} gxf4 {[%emt 0:00:03]} 24. Rg2 {[%emt
0:00:28]} Ne7 {[%emt 0:00:35]} 25. Qxf4 {[%emt 0:00:13]} Qh7 {[%emt 0:00:01]}
26. Qf6 { [%emt 0:00:35]} Kb8 {[%emt 0:00:46]} 27. Qg7 {[%emt 0:00:42]} Qh4
{[%emt 0:00:18]} 28. Qg5 {[%emt 0:00:58]} Qh7 {[%emt 0:00:05]} 29. Qg7 {[%emt
0:00:21]} Qh4 {[%emt 0:00:05]} 30. Qg5 {[%emt 0:00:34]} Qh7 {[%emt 0:00:03]}
31. Qg7 { [%emt 0:00:04]} 1/2-1/2

[Event "DSJ Weihnachtsturnier U16: Steinitz 2020"]
[Site ""]
[Date "2020.12.28"]
[Round "6"]
[White "Leonard, Timo"]
[Black "Rempe, Jonas"]
[Result "1-0"]
[Termination "normal"]
[Board "2.2"]
[WhiteElo "1953"]
[BlackElo "1957"]
[WhiteTeam "Schachverein Hemer 1932"]
[BlackTeam "SK Doppelbauer Kiel"]
[PlyCount "69"]
[WhiteFideId "16208757"]
[BlackFideId "16202406"]
[EventRounds "7"]
[EventType "team-swiss"]
[EventDate "2020.12.28"]

1. e4 {[%emt 0:00:05]} e5 {[%emt 0:00:02]} 2. Nf3 {[%emt 0:00:10]} Nc6 { [%emt
0:00:02]} 3. Bc4 {[%emt 0:00:01]} Nf6 {[%emt 0:00:01]} 4. d3 {[%emt 0:00:03]}
Be7 {[%emt 0:00:01]} 5. c3 {[%emt 0:00:04]} O-O {[%emt 0:00:02]} 6. O-O { [%emt
0:00:21]} d6 {[%emt 0:00:02]} 7. a4 {[%emt 0:00:05]} Be6 {[%emt 0:00:13]} 8.
Nbd2 {[%emt 0:00:16]} h6 {[%emt 0:00:09]} 9. Re1 {[%emt 0:00:09]} Na5 { [%emt
0:00:21]} 10. Bxe6 {[%emt 0:00:07]} fxe6 {[%emt 0:00:03]} 11. b4 { [%emt
0:00:07]} Nc6 {[%emt 0:00:02]} 12. Qb3 {[%emt 0:00:11]} Qd7 {[%emt 0:00:04]}
13. d4 {[%emt 0:00:37]} exd4 {[%emt 0:00:27]} 14. cxd4 {[%emt 0:00:06]} d5
{[%emt 0:00:08]} 15. exd5 {[%emt 0:00:39]} exd5 {[%emt 0:00:08]} 16. b5 { [%emt
0:00:19]} Na5 {[%emt 0:00:43]} 17. Qc3 {[%emt 0:00:34]} b6 {[%emt 0:00:54]} 18.
Ne5 {[%emt 0:00:18]} Qf5 {[%emt 0:00:09]} 19. Ndf3 {[%emt 0:00:23]} Ne4 {[%emt
0:00:18]} 20. Qc2 {[%emt 0:00:23]} Bb4 {[%emt 0:00:14]} 21. Re3 { [%emt
0:00:28]} Rae8 {[%emt 0:00:32]} 22. Ba3 {[%emt 0:00:24]} Bxa3 {[%emt 0:00:22]}
23. Raxa3 {[%emt 0:00:13]} g5 {[%emt 0:00:08]} 24. h3 {[%emt 0:00:32]} h5
{[%emt 0:00:30]} 25. Qa2 {[%emt 0:00:48]} Rd8 {[%emt 0:00:38]} 26. Re2 { [%emt
0:00:16]} g4 {[%emt 0:00:10]} 27. Nh4 {[%emt 0:00:31]} Qf4 {[%emt 0:00:13]} 28.
Rae3 {[%emt 0:00:24]} Nxf2 {[%emt 0:00:54]} 29. Neg6 {[%emt 0:00:40]} Nxh3+
{[%emt 0:00:06]} 30. gxh3 {[%emt 0:00:09]} Qf1+ {[%emt 0:00:31]} 31. Kh2 {[%emt
0:00:03]} Rf6 {[%emt 0:01:04]} 32. Re8+ {[%emt 0:00:16]} Rxe8 {[%emt 0:00:12]}
33. Rxe8+ {[%emt 0:00:01]} Kg7 {[%emt 0:00:01]} 34. Re7+ {[%emt 0:00:04]} Kh6
{[%emt 0:00:02]} 35. Qd2+ {[%emt 0:00:09]} 1-0

[Event "DSJ Weihnachtsturnier U16: Steinitz 2020"]
[Site ""]
[Date "2020.12.28"]
[Round "6"]
[White "Steinbach, Julian"]
[Black "Poggemann, Alexander"]
[Result "0-1"]
[Termination "normal"]
[Board "2.3"]
[WhiteElo "1704"]
[BlackElo "1813"]
[WhiteTeam "SK Doppelbauer Kiel"]
[BlackTeam "Schachverein Hemer 1932"]
[PlyCount "53"]
[WhiteFideId "16247973"]
[BlackFideId "16224167"]
[EventRounds "7"]
[EventType "team-swiss"]
[EventDate "2020.12.28"]

1. e4 {[%emt 0:00:07]} e6 {[%emt 0:00:02]} 2. d4 {[%emt 0:00:07]} d5 {[%emt
0:00:02]} 3. Nc3 {[%emt 0:00:01]} Nf6 {[%emt 0:00:02]} 4. e5 {[%emt 0:00:02]}
Nfd7 {[%emt 0:00:01]} 5. f4 {[%emt 0:00:02]} c5 {[%emt 0:00:02]} 6. Nf3 { [%emt
0:00:01]} Nc6 {[%emt 0:00:02]} 7. Bb5 {[%emt 0:00:02]} Be7 {[%emt 0:00:07]} 8.
Be3 {[%emt 0:00:04]} a6 {[%emt 0:00:10]} 9. Bxc6 {[%emt 0:00:04]} bxc6 {[%emt
0:00:01]} 10. O-O {[%emt 0:00:11]} O-O {[%emt 0:00:08]} 11. Qe1 { [%emt
0:00:13]} Qb6 {[%emt 0:00:24]} 12. dxc5 {[%emt 0:00:08]} Bxc5 {[%emt 0:00:06]}
13. Bxc5 {[%emt 0:00:04]} Qxc5+ {[%emt 0:00:08]} 14. Qf2 {[%emt 0:00:04]} Qb4
{[%emt 0:00:08]} 15. Ng5 {[%emt 0:00:24]} h6 {[%emt 0:00:23]} 16. Nh3 {[%emt
0:00:15]} Qxb2 {[%emt 0:00:09]} 17. Qd2 {[%emt 0:00:06]} Qb6+ {[%emt 0:00:05]}
18. Nf2 {[%emt 0:00:04]} a5 {[%emt 0:00:14]} 19. Rab1 {[%emt 0:00:07]} Qa7
{[%emt 0:00:11]} 20. Rb3 {[%emt 0:00:13]} Ba6 {[%emt 0:00:05]} 21. Rfb1 { [%emt
0:00:07]} Rab8 {[%emt 0:00:03]} 22. Ncd1 {[%emt 0:00:23]} Rb5 {[%emt 0:00:33]}
23. a4 {[%emt 0:00:37]} Rxb3 {[%emt 0:00:09]} 24. Rxb3 {[%emt 0:00:03]} Bc4
{[%emt 0:00:08]} 25. Rg3 {[%emt 0:00:03]} Nc5 {[%emt 0:00:14]} 26. f5 { [%emt
0:00:18]} Ne4 {[%emt 0:01:14]} 27. Rf3 {[%emt 0:00:19]} 0-1

[Event "DSJ Weihnachtsturnier U16: Steinitz 2020"]
[Site ""]
[Date "2020.12.28"]
[Round "6"]
[White "Becker, Linda"]
[Black "Woltmann, Peter"]
[Result "0-1"]
[Termination "normal"]
[Board "2.4"]
[WhiteElo "1763"]
[BlackElo "1556"]
[WhiteTeam "Schachverein Hemer 1932"]
[BlackTeam "SK Doppelbauer Kiel"]
[PlyCount "48"]
[WhiteFideId "16244753"]
[BlackFideId "16269349"]
[EventRounds "7"]
[EventType "team-swiss"]
[EventDate "2020.12.28"]

1. d4 {[%emt 0:00:11]} g6 {[%emt 0:00:06]} 2. c4 {[%emt 0:00:08]} c5 {[%emt
0:00:02]} 3. e3 {[%emt 0:00:06]} Bg7 {[%emt 0:00:03]} 4. Nc3 {[%emt 0:00:04]}
b6 {[%emt 0:00:04]} 5. Nf3 {[%emt 0:00:04]} Bb7 {[%emt 0:00:03]} 6. Bd2 {[%emt
0:00:04]} Nf6 {[%emt 0:00:03]} 7. Bd3 {[%emt 0:00:22]} Nc6 {[%emt 0:00:10]} 8.
O-O {[%emt 0:00:08]} Nb4 {[%emt 0:00:03]} 9. Qe2 {[%emt 0:00:23]} Nxd3 { [%emt
0:00:04]} 10. Qxd3 {[%emt 0:00:03]} d5 {[%emt 0:00:04]} 11. cxd5 { [%emt
0:00:15]} Nxd5 {[%emt 0:00:05]} 12. Nxd5 {[%emt 0:00:35]} Bxd5 {[%emt 0:00:15]}
13. dxc5 {[%emt 0:00:46]} Bxf3 {[%emt 0:00:13]} 14. Qb5+ {[%emt 0:00:36]} Kf8
{[%emt 0:00:10]} 15. cxb6 {[%emt 0:00:15]} axb6 {[%emt 0:00:08]} 16. Bc3 {[%emt
0:00:48]} Be4 {[%emt 0:00:14]} 17. Bxg7+ {[%emt 0:00:29]} Kxg7 { [%emt
0:00:07]} 18. Qe5+ {[%emt 0:00:03]} f6 {[%emt 0:00:01]} 19. Qxe4 { [%emt
0:00:05]} Qd6 {[%emt 0:00:16]} 20. Rfd1 {[%emt 0:00:11]} Qb4 {[%emt 0:00:02]}
21. Rd7 {[%emt 0:01:12]} Qxe4 {[%emt 0:00:04]} 22. Rad1 {[%emt 0:00:47]} Rhd8
{[%emt 0:00:05]} 23. h3 {[%emt 0:00:18]} Rxd7 {[%emt 0:00:06]} 24. Rxd7 { [%emt
0:00:13]} Rxa2 {[%emt 0:00:02]} 0-1

[Event "DSJ Weihnachtsturnier U16: Steinitz 2020"]
[Site ""]
[Date "2020.12.28"]
[Round "6"]
[White "Mehlhorn, David"]
[Black "Burgtorf, Benjamin"]
[Result "1/2-1/2"]
[Termination "normal"]
[Board "3.1"]
[WhiteElo "1557"]
[BlackElo "1773"]
[WhiteTeam "SGem Aschheim/Feldkirchen/Kirchheim"]
[BlackTeam "SchVgg Blankenese von 1923"]
[PlyCount "158"]
[WhiteFideId "34607757"]
[BlackFideId "16242920"]
[EventRounds "7"]
[EventType "team-swiss"]
[EventDate "2020.12.28"]

1. e4 {[%emt 0:00:02]} c6 {[%emt 0:00:08]} 2. d4 {[%emt 0:00:02]} d5 {[%emt
0:00:02]} 3. exd5 {[%emt 0:00:00]} cxd5 {[%emt 0:00:12]} 4. Nf3 {[%emt
0:00:01]} Nc6 {[%emt 0:00:04]} 5. c4 {[%emt 0:00:02]} Nf6 {[%emt 0:00:02]} 6.
Nc3 { [%emt 0:00:03]} Bg4 {[%emt 0:00:07]} 7. cxd5 {[%emt 0:00:29]} Nxd5 {[%emt
0:00:05]} 8. Bc4 {[%emt 0:00:02]} Nb6 {[%emt 0:00:21]} 9. Bxf7+ {[%emt
0:00:36]} Kxf7 {[%emt 0:00:44]} 10. Ng5+ {[%emt 0:00:02]} Kg6 {[%emt 0:00:20]}
11. Qxg4 { [%emt 0:00:07]} Qxd4 {[%emt 0:00:01]} 12. Qe6+ {[%emt 0:00:59]} Qf6
{[%emt 0:00:07]} 13. Qe4+ {[%emt 0:00:04]} Qf5 {[%emt 0:00:13]} 14. Qxf5+
{[%emt 0:00:11]} Kxf5 {[%emt 0:00:02]} 15. O-O {[%emt 0:00:08]} e5 {[%emt
0:00:17]} 16. f4 {[%emt 0:00:15]} Bc5+ {[%emt 0:00:13]} 17. Kh1 {[%emt
0:00:04]} exf4 {[%emt 0:00:51]} 18. Rxf4+ {[%emt 0:00:25]} Kxg5 {[%emt
0:00:55]} 19. Ne4+ {[%emt 0:00:05]} Kg6 {[%emt 0:00:09]} 20. Nxc5 {[%emt
0:00:08]} Rad8 {[%emt 0:00:26]} 21. Be3 {[%emt 0:01:02]} Rhe8 {[%emt 0:00:16]}
22. Bg1 {[%emt 0:00:18]} Nd5 { [%emt 0:00:19]} 23. Rg4+ {[%emt 0:00:05]} Kf7
{[%emt 0:00:24]} 24. Nxb7 { [%emt 0:00:08]} Rd7 {[%emt 0:00:15]} 25. Nc5 {[%emt
0:00:06]} Rde7 {[%emt 0:00:08]} 26. Nd3 {[%emt 0:00:33]} h5 {[%emt 0:00:39]}
27. Rc4 {[%emt 0:00:50]} Ne5 {[%emt 0:01:24]} 28. Nxe5+ {[%emt 0:00:02]} Rxe5
{[%emt 0:00:01]} 29. h3 { [%emt 0:00:08]} R8e7 {[%emt 0:00:28]} 30. Rf1+ {[%emt
0:00:07]} Kg6 {[%emt 0:00:07]} 31. Rc2 {[%emt 0:00:39]} Ne3 {[%emt 0:00:15]}
32. Bxe3 {[%emt 0:00:03]} Rxe3 {[%emt 0:00:00]} 33. a3 {[%emt 0:00:05]} h4
{[%emt 0:00:29]} 34. Rf4 { [%emt 0:00:19]} Kh5 {[%emt 0:00:20]} 35. Rc5+ {[%emt
0:00:15]} g5 {[%emt 0:00:03]} 36. Rf2 {[%emt 0:00:28]} Rb3 {[%emt 0:00:12]} 37.
Rcf5 {[%emt 0:00:22]} Reb7 {[%emt 0:00:12]} 38. Rf7 {[%emt 0:00:01]} Rxb2
{[%emt 0:00:06]} 39. Rxb2 { [%emt 0:00:01]} Rxb2 {[%emt 0:00:02]} 40. Rxa7
{[%emt 0:00:00]} Ra2 {[%emt 0:00:06]} 41. Ra6 {[%emt 0:00:09]} Ra1+ {[%emt
0:00:04]} 42. Kh2 {[%emt 0:00:01]} Ra2 {[%emt 0:00:01]} 43. a4 {[%emt 0:00:03]}
g4 {[%emt 0:00:02]} 44. hxg4+ { [%emt 0:00:02]} Kxg4 {[%emt 0:00:00]} 45. Ra8
{[%emt 0:00:41]} h3 {[%emt 0:00:10]} 46. Rg8+ {[%emt 0:00:03]} Kh5 {[%emt
0:00:05]} 47. Kxh3 {[%emt 0:00:20]} Rxa4 {[%emt 0:00:02]} 48. g4+ {[%emt
0:00:05]} Kh6 {[%emt 0:00:01]} 49. Kh4 { [%emt 0:00:01]} Ra1 {[%emt 0:00:03]}
50. Rb8 {[%emt 0:00:08]} Kg7 {[%emt 0:00:02]} 51. Kg5 {[%emt 0:00:01]} Ra7
{[%emt 0:00:01]} 52. Rb5 {[%emt 0:00:04]} Rc7 {[%emt 0:00:01]} 53. Kh5 {[%emt
0:00:08]} Ra7 {[%emt 0:00:02]} 54. g5 {[%emt 0:00:02]} Rc7 {[%emt 0:00:01]} 55.
Rf5 {[%emt 0:00:04]} Ra7 {[%emt 0:00:01]} 56. Rf6 {[%emt 0:00:01]} Rc7 {[%emt
0:00:01]} 57. Rg6+ {[%emt 0:00:01]} Kh7 { [%emt 0:00:03]} 58. Rh6+ {[%emt
0:00:06]} Kg7 {[%emt 0:00:01]} 59. Kg4 { [%emt 0:00:04]} Rc4+ {[%emt 0:00:01]}
60. Kf3 {[%emt 0:00:07]} Rc5 {[%emt 0:00:02]} 61. Kf4 {[%emt 0:00:04]} Rc4+
{[%emt 0:00:01]} 62. Kg3 {[%emt 0:00:10]} Rc5 {[%emt 0:00:01]} 63. Kg4 {[%emt
0:00:01]} Rc4+ {[%emt 0:00:01]} 64. Kh5 { [%emt 0:00:01]} Rc1 {[%emt 0:00:04]}
65. Ra6 {[%emt 0:00:03]} Rc7 {[%emt 0:00:02]} 66. Kg4 {[%emt 0:00:05]} Rc4+
{[%emt 0:00:03]} 67. Kf5 {[%emt 0:00:02]} Rc5+ {[%emt 0:00:01]} 68. Kg4 {[%emt
0:00:09]} Rc4+ {[%emt 0:00:01]} 69. Kh5 { [%emt 0:00:00]} Rc7 {[%emt 0:00:01]}
70. Rg6+ {[%emt 0:00:01]} Kh7 {[%emt 0:00:01]} 71. Rh6+ {[%emt 0:00:01]} Kg7
{[%emt 0:00:01]} 72. Rd6 {[%emt 0:00:01]} Ra7 {[%emt 0:00:03]} 73. g6 {[%emt
0:00:02]} Ra5+ {[%emt 0:00:01]} 74. Kg4 { [%emt 0:00:00]} Rc5 {[%emt 0:00:03]}
75. Kf4 {[%emt 0:00:02]} Ra5 {[%emt 0:00:01]} 76. Ke4 {[%emt 0:00:01]} Rb5
{[%emt 0:00:01]} 77. Kf4 {[%emt 0:00:00]} Ra5 {[%emt 0:00:01]} 78. Ke4 {[%emt
0:00:01]} Rb5 {[%emt 0:00:01]} 79. Kf4 { [%emt 0:00:01]} Ra5 {[%emt 0:00:01]}
1/2-1/2

[Event "DSJ Weihnachtsturnier U16: Steinitz 2020"]
[Site ""]
[Date "2020.12.28"]
[Round "6"]
[White "von Rosen, Jakob"]
[Black "Centgraf, Andra's"]
[Result "0-1"]
[Termination "normal"]
[Board "3.2"]
[WhiteElo "1722"]
[BlackElo "1415"]
[WhiteTeam "SchVgg Blankenese von 1923"]
[BlackTeam "SGem Aschheim/Feldkirchen/Kirchheim"]
[PlyCount "64"]
[WhiteFideId "12982989"]
[BlackFideId "34611177"]
[EventRounds "7"]
[EventType "team-swiss"]
[EventDate "2020.12.28"]

1. e4 {[%emt 0:00:14]} c5 {[%emt 0:00:01]} 2. Nf3 {[%emt 0:00:01]} Nc6 { [%emt
0:00:01]} 3. d4 {[%emt 0:00:01]} cxd4 {[%emt 0:00:02]} 4. Nxd4 {[%emt 0:00:00]}
Nf6 {[%emt 0:00:01]} 5. Nc3 {[%emt 0:00:01]} e5 {[%emt 0:00:02]} 6. Ndb5 {[%emt
0:00:01]} a6 {[%emt 0:00:21]} 7. Nd6+ {[%emt 0:00:05]} Bxd6 { [%emt 0:00:17]}
8. Qxd6 {[%emt 0:00:00]} Qe7 {[%emt 0:00:03]} 9. Qxe7+ { [%emt 0:00:07]} Kxe7
{[%emt 0:00:02]} 10. Bg5 {[%emt 0:00:04]} d6 {[%emt 0:00:17]} 11. Nd5+ {[%emt
0:00:14]} Kf8 {[%emt 0:05:58]} 12. Nxf6 {[%emt 0:00:08]} gxf6 {[%emt 0:00:04]}
13. Bxf6 {[%emt 0:00:00]} Rg8 {[%emt 0:00:10]} 14. O-O-O {[%emt 0:00:02]} Rg6
{[%emt 0:00:03]} 15. Rxd6 {[%emt 0:00:09]} Be6 {[%emt 0:01:36]} 16. Bh4 {[%emt
0:00:09]} Rg4 {[%emt 0:00:05]} 17. g3 {[%emt 0:00:16]} Rxe4 {[%emt 0:00:04]}
18. Bg2 {[%emt 0:00:02]} Re2 {[%emt 0:00:04]} 19. Bxc6 { [%emt 0:00:08]} bxc6
{[%emt 0:00:04]} 20. Rxc6 {[%emt 0:00:00]} Bd5 {[%emt 0:00:08]} 21. Rh6 {[%emt
0:00:18]} Bxh1 {[%emt 0:00:05]} 22. Rxh7 {[%emt 0:00:02] } Kg8 {[%emt 0:00:18]}
23. Rh5 {[%emt 0:00:13]} Rc8 {[%emt 0:00:05]} 24. c3 { [%emt 0:00:09]} Rc6
{[%emt 0:00:04]} 25. Rf5 {[%emt 0:00:25]} Be4 {[%emt 0:00:18]} 26. Rxe5 {[%emt
0:00:07]} Rc2+ {[%emt 0:00:06]} 27. Kd1 {[%emt 0:00:06]} Rd6+ {[%emt 0:00:04]}
28. Ke1 {[%emt 0:00:09]} Bf3 {[%emt 0:00:08]} 29. Rg5+ { [%emt 0:00:21]} Kf8
{[%emt 0:00:05]} 30. Rd5 {[%emt 0:00:31]} Re6+ {[%emt 0:00:06]} 31. Re5 {[%emt
0:00:17]} Rxe5+ {[%emt 0:00:04]} 32. Kf1 {[%emt 0:00:01]} Rc1# {[%emt 0:00:01]}
0-1